000 00387nam a2200169Ia 4500
100 _aTompkins/Wills J
650 _aBio medical instrumentation
250 _a7
942 _cBK
366 _f10
654 _abiomedical
245 _aBiomedical Digital Signal processing
260 _bLaxmi publications
_c1995
082 _a621.402/RAJ
_bRAJ
300 _a368
546 _aENGLISH
999 _c19578
_d19578